| 000 | 04476cam a2200529 a 4500 | ||
|---|---|---|---|
| 001 | evalegalliennebi00shee | ||
| 003 | CaSfIA | ||
| 005 | 20210118005122.0 | ||
| 007 | cr|||| | ||
| 008 | 960308s1996 nyua b 001 0beng | ||
| 010 | _a 96013778 | ||
| 040 |
_aDLC _cDLC _dBTCTA _dYDXCP _dBAKER _dOCLCG _dNIALS _dUAB _dHEBIS _dCaSfIA |
||
| 019 | _a317714072 | ||
| 020 | _a0679411178 | ||
| 020 | _a9780679411178 | ||
| 035 |
_a(OCoLC)34410008 _z(OCoLC)317714072 |
||
| 043 | _an-us--- | ||
| 050 | 0 | 0 |
_aPN2287.L2896 _bS54 1996 |
| 082 | 0 | 0 |
_a792/.028/092 _220 |
| 082 | 1 | 4 |
_aB _220 |
| 100 | 1 |
_aSheehy, Helen, _d1948- |
|
| 245 | 1 | 0 |
_aEva Le Gallienne : _h[electronic resource] _ba biography / _cHelen Sheehy. |
| 250 | _a1st ed. | ||
| 260 |
_aNew York : _bKnopf, _cc1996. |
||
| 300 |
_a529 p. : _bill. ; _c25 cm. |
||
| 504 | _aIncludes bibliographical references (p. [465]-508) and index. | ||
| 530 | _aAlso issued online. | ||
| 520 | _aEva Le Gallienne was a huge star on Broadway before she was twenty-one. She was inspired by the style and brilliance of the Divine Sarah, whom she first saw when she was seven. She was transformed by the incomparable Eleonora Duse, whose denial of self in search of inner truth led Le Gallienne, through years of their intense friendship, to her own emergence as one of the great natural actors of the age. | ||
| 520 | 8 | _aShe was taken up at nineteen by Ethel Barrymore, who saw in her a huge talent. At twenty-seven, after appearing in twenty productions, Le Gallienne left Broadway and, following her dream, found and restored a wreck of a building on New York's West Fourteenth Street and created the Civic Repertory Theatre (it became the model for off-Broadway) - putting into production, directing, and starring in as many as forty different plays, including The Three Sisters, The Master Builder, Hedda Gabler, The Cherry Orchard, Peter Pan, Romeo and Juliet, The Seagull, and Alice in Wonderland. After ten years, when she folded the company because of the depression, Le Gallienne returned to Broadway and starred in fifty other productions. | |
| 520 | 8 | _aShe founded and supported noncommercial theatre companies throughout her life, among them the American Shakespeare Theatre and the American Repertory Theatre (which she cofounded with Cheryl Crawford and Le Gallienne's then lover, the brilliant director Margaret Webster). | |
| 520 | 8 | _aWe see Le Gallienne's childhood in London and Paris with her bohemian parents: her Danish mother, a feminist, journalist, and follower of Ibsen and Brandes; and her estranged father, the slightly successful but thoroughly selfish English poet and writer Richard Le Gallienne...her early years as an actor, her triumphs with Barrymore and Basil Rathbone, Joseph Schildkraut, Alla Nazimova, and others. We see the extraordinary women who were drawn to her work and supported it - among them Eleonora Sears, socialite and champion tennis, polo, and squash player; Alice De Lamar, philanthropist; and Mary Curtis Bok Zimbalist, heir to the Curtis Publishing Company. And we see the many women whom she chose to love openly and who loved her back. Using Le Gallienne's diaries, letters, and notes, and interviewing more than 150 of her friends, lovers, acquaintances, and family, Helen Sheehy has brought this complex artist brilliantly alive. Her book is a revelation of the actor's life and work. | |
| 600 | 1 | 0 |
_aLe Gallienne, Eva, _d1899-1991. |
| 650 | 0 |
_aActors _zUnited States _vBiography. |
|
| 600 | 1 | 7 |
_aLe Gallienne, Eva. _2swd |
| 776 | 0 | 8 |
_iOnline version: _aSheehy, Helen, 1948- _tEva Le Gallienne. _b1st ed. _dNew York : Knopf, c1996 _w(OCoLC)605221904 |
| 856 | 4 | 2 |
_3Publisher description _uhttp://www.loc.gov/catdir/description/random0410/96013778.html |
| 856 | 4 | 1 |
_uhttp://www.archive.org/details/evalegalliennebi00shee _zFree eBook from the Internet Archive |
| 856 | 4 | 2 |
_uhttp://www.openlibrary.org/books/OL976653M _zAdditional information and access via Open Library |
| 029 | 1 |
_aYDXCP _b1284839 |
|
| 029 | 1 |
_aNZ1 _b4769167 |
|
| 029 | 1 |
_aAU@ _b000012242291 |
|
| 029 | 1 |
_aHEBIS _b051519585 |
|
| 029 | 1 |
_aGEBAY _b2686074 |
|
| 942 | _cEB | ||
| 506 | _fНеобхідна авторизація на https://archive.org/ (створення облікового запису безкоштовно) | ||
| 506 | _fНеобхідна авторизація на https://openlibrary.org/ (створення облікового запису безкоштовно) | ||
| 999 |
_c493920 _d493920 |
||